| 000 | 00790cam a22002533a 4500 | ||
|---|---|---|---|
| 001 | 4753 | ||
| 003 | PGUSA | ||
| 005 | 20140828083107.0 | ||
| 008 | 031201s2003||||xxu|||||s|||||000 | eng d | ||
| 040 |
_aPGUSA _beng |
||
| 042 | _adc | ||
| 050 | 4 | _aPQ | |
| 100 | 1 |
_aDufresny, Charles Rivière, _d1657-1724 |
|
| 245 | 1 | 4 |
_aThe Forfeiture _h[electronic resource] / _cCharles Rivière Dufresny |
| 260 |
_bProject Gutenberg, _c2003 |
||
| 506 | _aCopyrighted. Read the copyright notice inside this book for details. | ||
| 516 | _aElectronic text | ||
| 653 | _aFrench drama -- 18th century -- Translations into English | ||
| 700 | 1 | _aMorlock, Frank J. | |
| 740 | 0 | _aLe dédit. English | |
| 830 | 0 |
_aProject Gutenberg _v4753 |
|
| 856 | 4 | 0 | _uhttp://www.gutenberg.org/ebooks/4753 |
| 942 | _cEB | ||
| 999 |
_c234082 _d234082 |
||